000 00925nam a2200229Ia 4500
003 Ost
005 20260507075545.0
008 260507s9999||||xx |||||||||||||| ||und||
020 _a9957466690
040 _cfsecg
041 _aara
082 _a658.409
100 _aعبيدات، سهيل أحمد
_eمؤلف
245 0 _aالقيادة :
_bأساسيات، نظريات ومفاهيم /
_c سهيل أحمد عبيدات
260 _aإربد:
_bعالم الكتب الحديث,
_c2007
300 _a202 صفحة؛
_bإيضاحات ؛
_c24 سم
504 _aبيبليوغرافيا: ص ص.197-202
520 _aيضم القيادة، نظريات القيادة، نحو قيادة جديدة للقرن الجديد، القيادة والقدرة على اتخاذ القرارات، إدارة الصراع
653 _aالقيادة
653 _aالقيادة الإدارية
942 _cكتاب
999 _c44888
_d44888